Legislación, sanitaria mexicana : (Record no. 69714)
[ view plain ]
| 000 -LEADER | |
|---|---|
| fixed length control field | 00706cam a2200193 4500 |
| 008 - FIXED-LENGTH DATA ELEMENTS--GENERAL INFORMATION | |
| fixed length control field | 090106s1944 mx 000 0 spa u |
| 050 04 - LIBRARY OF CONGRESS CALL NUMBER | |
| Classification number | KGF3400 |
| Item number | A35 1944 |
| 110 1# - MAIN ENTRY--CORPORATE NAME | |
| Corporate name or jurisdiction name as entry element | Mexico |
| 240 ## - UNIFORM TITLE | |
| Uniform title | [leyes, etc.] |
| 245 10 - TITLE STATEMENT | |
| Title | Legislación, sanitaria mexicana : |
| Remainder of title | compilación completa de leyes, decretos, reglamentos etc., vigentes en materia sanitaria / |
| Statement of responsibility, etc | Anotación y concordancia de Fernando Aguilar Velasco |
| 250 ## - EDITION STATEMENT | |
| Edition statement | 3a ed. |
| 260 ## - PUBLICATION, DISTRIBUTION, ETC. (IMPRINT) | |
| Place of publication, distribution, etc | México, D.F. : |
| Name of publisher, distributor, etc | [s.n.], |
| Date of publication, distribution, etc | 1944 |
| 300 ## - PHYSICAL DESCRIPTION | |
| Extent | 673p.; |
| Dimensions | 23cm. |
| 650 #7 - SUBJECT ADDED ENTRY--TOPICAL TERM | |
| Topical term or geographic name as entry element | Salud pública |
| Geographic subdivision | México |
| Source of heading or term | Lemb |
| 650 #7 - SUBJECT ADDED ENTRY--TOPICAL TERM | |
| Topical term or geographic name as entry element | Leyes de salud pública |
| Geographic subdivision | México |
| Source of heading or term | LC |
| 700 1# - ADDED ENTRY--PERSONAL NAME | |
| Personal name | Aguilar Velasco, Fernado, |
| Relator term | ed. |
| 942 ## - ADDED ENTRY ELEMENTS (KOHA) | |
| Source of classification or shelving scheme | Biblioteca del Cogreso de los Estados Unidos |
| Koha item type | Libro |
| Estado de pérdida | Fuente de clasificación | Estado del daño | No para préstamo | Ubicación permanente | Ubicación actual | Apartado o colección | Fecha de adquisición | Edición | Dependencia de educación superior (DES) | Área del conocimiento | Clasificación | Código de Barras | Date last seen | Número de copia | Tipo de recurso |
|---|---|---|---|---|---|---|---|---|---|---|---|---|---|---|---|
| Biblioteca del Cogreso de los Estados Unidos | Biblioteca del Instituto de Investigaciones Históricas | Biblioteca del Instituto de Investigaciones Históricas | General | 17/10/2018 | 3a ed. | Humanidades | Ciencias Sociales y Administrativas | KGF3400 A35 1944 | IIH000001869 | 17/10/2018 | C:1 | Libro |